| 000 | 00509 a2200193 4500 | ||
|---|---|---|---|
| 020 | _a0071183256 | ||
| 040 |
_aDLC _bDLC |
||
| 082 | 0 | 0 | _a808/.042 |
| 100 | 1 | _aLangan, John, | |
| 245 | 1 | 0 |
_aCollege writing skills _cJohn Langan. |
| 250 | _a5th ed. | ||
| 260 |
_aNew York : _bMcGraw-Hill, _cc2000. |
||
| 300 |
_ax, 582 p. ; _c24 cm. |
||
| 500 | _aIncludes index. | ||
| 650 | 0 |
_aEnglish language _xRhetoric. |
|
| 650 | 0 |
_aEnglish language _xGrammar. |
|
| 650 | 0 | _aReport writing. | |
| 942 |
_cBK _k808.042 LAN _2ddc |
||
| 999 |
_c4841 _d4841 |
||